| 000 | 01201nam a2200289Ia 4500 | ||
|---|---|---|---|
| 001 | emergingonewoman00boyd | ||
| 003 | CaSfIA | ||
| 005 | 20210118004250.0 | ||
| 007 | cr|||| | ||
| 008 | 830404s1982 nyu 000 0 eng d | ||
| 010 | _a 81090623 | ||
| 040 |
_aKFW _cKFW _dCaSfIA |
||
| 020 | _a0533052572 | ||
| 020 | _a9780533052578 | ||
| 035 | _a(OCoLC)9373794 | ||
| 092 |
_a811.54 _bBOYD |
||
| 100 | 1 | _aBoyd, Evelyn M. | |
| 245 | 1 | 0 |
_aEmerging : _h[electronic resource] _bone woman's experience of separation / _cEvelyn M. Boyd. |
| 250 | _a1st ed. | ||
| 260 |
_aNew York : _bVantage, _cc1982. |
||
| 300 |
_a101 p. ; _c21 cm. |
||
| 856 | 4 | 1 |
_uhttp://www.archive.org/details/emergingonewoman00boyd _zFree eBook from the Internet Archive |
| 856 | 4 | 2 |
_uhttp://www.openlibrary.org/books/OL10466873M _zAdditional information and access via Open Library |
| 942 | _cEB | ||
| 506 | _fНеобхідна авторизація на https://archive.org/ (створення облікового запису безкоштовно) | ||
| 506 | _fНеобхідна авторизація на https://openlibrary.org/ (створення облікового запису безкоштовно) | ||
| 999 |
_c492419 _d492419 |
||